Sonetos amor y otros poemas / (Registro nro. 11684)

Detalles MARC
000 -LIDER
fixed length control field 00721nam a22002417a 4500
001 - NÚMERO DE CONTROL
Identificador de número de control 000599
003 - IDENTIFICACDOR DE NÚMERO DE CONTROL
control field DO-SdBNP
005 - DATE AND TIME OF LATEST TRANSACTION
control field 20221104095655.0
007 - CAMPOS FIJOS DE DESCRIPCIÓN FÍSICA
fixed length control field 000599
008 - ELEMENTOS DE LONGITUD FIJA
fixed length control field 161026b 2005 sp ag || 00| 0 spa d
020 ## - ISBN
International Standard Book Number 9875501298
040 ## - FUENTE DE CATALOGACIÓN
Agencia que crea de manera original el registro BPMSU
Idioma de catalogación spa
Agencia que realiza la transcripción BPMSU
082 #4 - NÚMERO DE CLASIFICACIÓN DECIMAL DE DEWEY
Classification number 861.3
Item number Q5s 2005
Edition number 22
100 1# - ASIENTO PRINCIPAL -- NOMBRE PERSONAL
Nombre personal Quevedo, Francisco de
Fechas asociadas con el nombre 1580-1645
245 10 - MENCIÓN DE TITULO
Título Sonetos amor y otros poemas /
Mención de responsabilidad Francisco Quevedo ; seleccion y prólogo Beatriz Stilman.
260 ## - PUBLICACIÓN, DISTRIBUCIÓN, ETC. (PIE DE IMPRENTA)
Lugar de publicación, distribución, etc Buenos Aires :
Nombre del editor, distribuidor, etc. Longseller,
Fecha de publicación, distribución, etc 2005.
300 ## - DESCRIPCIÓN FÍSICA
Extensión 267 p. ;
Dimensiones 18 cm.
490 0# - MENCIÓN DE SERIES
Mención de serie Clásico de siempre
-- poesía
650 #4 - ENCABEZAMIENTO DE MATERIA--TEMÁTICO
Término temático o nombre geográfico como elemento de entrada Poesía española
700 1# - ASIENTO SECUNDARIO -- NOMBRE PERSONAL
Nombre personal Stilman, Beatriz,
Mención de responsabilidad pról
910 ## - VALIDACIÓN
Validación LOPEREZ/VMateo V./Validado
942 ## - ADDED ENTRY ELEMENTS (KOHA)
Source of classification or shelving scheme Dewey Decimal Classification
Koha item type Libros
Existencias
Withdrawn status Lost status Source of classification or shelving scheme Damaged status Not for loan Collection code Home library Current library Date acquired Source of acquisition Full call number Barcode Date last seen Price effective from Koha item type Copy number
    Dewey Decimal Classification     Colección General Biblioteca Pública Metropolitana Salomé Ureña Biblioteca Pública Metropolitana Salomé Ureña 10/26/2016 BPMSU CG 861.3 Q5s 2005 BPMSU16100378 10/26/2016 10/26/2016 Libros  
    Dewey Decimal Classification     Colección General Biblioteca Pública Metropolitana Salomé Ureña Biblioteca Pública Metropolitana Salomé Ureña 11/04/2022   BPMSU CG 861.3 Q5s 2005 BPMSU22110006 11/04/2022 11/04/2022 Libros e.2